Weird Historical/Proposed/Modern Flags - Statistics

General Stats
  • This quiz has been taken 133 times
  • The average score is 4 of 22
Answer Stats
Picture Answer % Correct
Sudan
100%
New Mexico
79%
Kuwait
60%
European Union
46%
Tulsa
39%
Little Havana, Florida
26%
Abkhaz ASSR
11%
India
11%
Pskov
9%
French Congo
8%
Magnitogorsk
8%
Syria (French Mandate)
8%
Aromanians
6%
Minas Gerais
6%
Nicaragua
5%
Korçë
4%
Sabah
4%
Setomaa
4%
Jabal ad-Druze (French Mandate)
3%
Kronstadt
3%
Selkups
3%
Tahiti (French Protectorate)
2%
No matching quizzes found
Score Distribution
Percent of People with Each Score
Percentile by Number Answered
Your Score History
You have not taken this quiz